| 000 | 00585nam a2200217Ia 4500 | ||
|---|---|---|---|
| 008 | 180523s9999 xx 000 0 und d | ||
| 020 | _a978-971-9617-10-5 | ||
| 050 | _aFIL TX 601 | ||
| 050 | _b.F56 2014 | ||
| 100 | _aFlores, Eva Nebril - | ||
| 245 | 0 | _aExperimental cookery and food preservation / | |
| 245 | 0 | _cEva Nebril - Flores. | |
| 250 | _a2nd edition. | ||
| 260 | _a[n. p.] | ||
| 260 | _bWiseman's Book Trading, | ||
| 260 | _c2014 | ||
| 300 | _a241 pages : | ||
| 300 | _c28 cm. | ||
| 500 | _aIncludes bibliographical references. | ||
| 650 | _aFood preservation. | ||
| 999 |
_c357870 _d357870 |
||